000 00644nam a22001937a 4500
005 20251108165541.0
008 250721s1999 xx 000 0 ara d
082 1 4 _a211.32/غاف
100 1 _aالغافقي، أبو القاسم أحمد بن جعفر
245 1 0 _aرواية أبو عمرو إبن العلاء البصري /
264 1 _aعمان :
_bدار عمار،
_c1999.
300 _a234ص
650 1 7 _aالقرآن الكريم
650 1 7 _aقراءات القرآن السبع
650 1 7 _aقراءة أبي عمرو
700 1 _aعمر، سرالختم الحسن
_eتحقيق
942 _2ddc
_cBK
999 _c30547
_d30547